[Event "?"]
[Site "?"]
[Date "????.??.??"]
[Round "?"]
[White "Obodchuk, A."]
[Black "Ghadimi, M."]
[Result "1/2-1/2"]
[WhiteElo "2414"]
[BlackElo "2146"]
[PlyCount "147"]
[EventDate "31.??.??"]

1. d4 Nf6 2. c4 e6 3. Nf3 Bb4+ 4. Nbd2 b6 5. a3 Bxd2+ 6. Bxd2 Bb7 7. Bg5 d6 8.
e3 Nbd7 9. Qc2 h6 10. Bh4 g5 11. Bg3 Ne4 12. Nd2 Nxg3 13. hxg3 c5 14. dxc5 dxc5
15. O-O-O Qc7 16. Ne4 Bxe4 17. Qxe4 Ke7 18. Rxh6 Nf6 19. Qf3 Rxh6 20. Qxa8 Rh1
21. Be2 Rxd1+ 22. Bxd1 Nd7 23. f4 gxf4 24. gxf4 e5 25. g3 exf4 26. gxf4 Qd6 27.
Bf3 Qd3 28. Qe4+ Qxe4 29. Bxe4 Kd6 30. Kd2 Nf6 31. Bf3 Ne8 32. Bh5 Ke6 33. e4
Nd6 34. Bg4+ Ke7 35. Kd3 f6 36. Bd1 Ne8 37. Ba4 Nc7 38. e5 f5 39. Ke3 Ne6 40.
Bc6 Nd4 41. Bd5 Kd7 42. Kf2 Ke7 43. Bf3 Kf7 44. Kg3 Kg6 45. Bd1 Ne6 46. Ba4 Nd4
47. Be8+ Kh6 48. Bd7 Kg6 49. Bc8 Ne2+ 50. Kf3 Nd4+ 51. Kf2 Kg7 52. b4 Kg6 53.
b5 Kf7 54. a4 Kg6 55. Ke3 Nc2+ 56. Kf2 Nd4 57. Kg2 Ne2 58. Kf3 Nd4+ 59. Kf2 Kg7
60. Kg3 Ne2+ 61. Kh4 Kg6 62. e6 Nxf4 63. e7 Kf7 64. Kg5 Ne2 65. Kxf5 Kxe7 66.
Ke5 Nc3 67. Bg4 Kd8 68. Kd6 Nxa4 69. Kc6 Nb2 70. Be6 Nd3 71. Kb7 Nf4 72. Bf7
Ne2 73. Kxa7 Kc7 74. Bg8 1/2-1/2

[Event "?"]
[Site "?"]
[Date "????.??.??"]
[Round "?"]
[White "Markov, I."]
[Black "Varezhkin, V."]
[Result "1/2-1/2"]
[WhiteElo "1917"]
[BlackElo "2182"]
[PlyCount "98"]
[EventDate "31.??.??"]

1. Nf3 d5 2. c4 c6 3. b3 Bg4 4. e3 e6 5. Be2 Nd7 6. Bb2 Ngf6 7. O-O Bd6 8. d3
O-O 9. Nbd2 Qe7 10. e4 dxe4 11. Nxe4 Nxe4 12. dxe4 Bxf3 13. Bxf3 Be5 14. Rb1
Rfd8 15. Qc2 c5 16. Ba3 a5 17. Rfd1 Qf6 18. Qe2 b6 19. g3 Rac8 20. Bg2 Bd4 21.
Rd2 Ne5 22. Rbd1 g6 23. h3 Nc6 24. Kh2 Qxf2 25. Qxf2 Bxf2 26. Bf1 Bd4 27. Kg2
f6 28. Be2 Kf7 29. Bf3 Ke7 30. Kf1 Be5 31. g4 Rxd2 32. Rxd2 Bd4 33. Ke2 Ne5 34.
Rxd4 g5 35. Rd2 Ng6 36. Kf2 e5 37. Bc1 Nf4 38. Bg2 Ne6 39. Bb2 Rd8 40. Rxd8
Nxd8 41. Bc1 Nc6 42. Bd2 Nb4 43. Bxb4 axb4 44. Bf1 Kd6 45. Ke3 Kc6 46. Kd2 Kd6
47. Kc2 Kc6 48. Kb2 Kd6 49. a3 Kc6 1/2-1/2

[Event "?"]
[Site "?"]
[Date "????.??.??"]
[Round "?"]
[White "Checiak, K."]
[Black "Anfinogenov, A."]
[Result "0-1"]
[WhiteElo "2149"]
[BlackElo "2035"]
[PlyCount "132"]
[EventDate "31.??.??"]

1. d4 Nf6 2. c4 e6 3. Nc3 Bb4 4. Nf3 O-O 5. g3 d5 6. Qb3 Be7 7. Bg2 c6 8. O-O
Nbd7 9. Be3 b6 10. h3 Bb7 11. Nd2 Qb8 12. Bf4 Bd6 13. Bxd6 Qxd6 14. c5 Qc7 15.
cxb6 axb6 16. Rfc1 Qd6 17. e3 e5 18. dxe5 Qxe5 19. Nf3 Qd6 20. Rd1 Rfe8 21. Qc2
Nc5 22. Nh4 Qe6 23. Nf5 Nce4 24. Nxe4 Nxe4 25. Nd4 Qf6 26. a3 Rac8 27. Nf3 c5
28. Nh2 Bc6 29. Rac1 Ba4 30. Ng4 Qc6 31. b3 Bb5 32. Qb2 Qe6 33. Nh2 Ba6 34. Nf3
Bb7 35. Nh4 Bc6 36. Kh2 Red8 37. Bf3 g6 38. Bg4 f5 39. Bf3 g5 40. Ng2 Bb7 41.
Rh1 Qf6 42. Qxf6 Nxf6 43. Rhd1 Kf7 44. Be2 Ke6 45. Ne1 Ne4 46. Kg1 d4 47. g4
Nc3 48. gxf5+ Kf6 49. Rd2 dxe3 50. Rb2 Rd2 51. Rxc3 exf2+ 52. Kxf2 Rxb2 53. Nc2
Re8 54. Bd3 Be4 55. Ke3 Bxf5+ 56. Kd2 Rd8 57. Kc1 Rxd3 58. Rxd3 Bxd3 59. Kxb2
Bxc2 60. Kxc2 Ke5 61. Kd3 Kd5 62. a4 h5 63. Ke3 c4 64. bxc4+ Kxc4 65. Ke4 Kb4
66. Kf5 g4 0-1

[Event "?"]
[Site "?"]
[Date "????.??.??"]
[Round "?"]
[White "Shajakhmetov, L."]
[Black "Denisov, D."]
[Result "1/2-1/2"]
[WhiteElo "2013"]
[BlackElo "1965"]
[PlyCount "94"]
[EventDate "31.??.??"]

1. Nf3 Nf6 2. c4 b6 3. g3 c5 4. Bg2 Bb7 5. O-O g6 6. Nc3 Bg7 7. Re1 Nc6 8. e4
O-O 9. d3 d6 10. h3 Nd4 11. Nxd4 cxd4 12. Ne2 Nd7 13. f4 f5 14. exf5 Bxg2 15.
Kxg2 gxf5 16. Ng1 e5 17. Nf3 Qf6 18. Qc2 a5 19. Rb1 Rfe8 20. b4 axb4 21. Rxb4
Nc5 22. Rxb6 e4 23. dxe4 fxe4 24. Ng5 d3 25. Qf2 h6 26. Qxc5 dxc5 27. Rxf6
Rxa2+ 28. Kf1 Bxf6 29. Nxe4 Rxe4 30. Rxe4 d2 31. Bxd2 Rxd2 32. Re2 Rd4 33. Rc2
Kf7 34. Ke2 Be7 35. Ke3 Bd6 36. Rd2 Rxd2 37. Kxd2 Ke6 38. Ke3 h5 39. g4 Bf8 40.
Ke4 h4 41. g5 Bd6 42. f5+ Kf7 43. Kf3 Kg7 44. Kg4 Bg3 45. Kh5 Kf7 46. Kh6 Bf4
47. Kh5 Bg3 1/2-1/2

[Event "?"]
[Site "?"]
[Date "????.??.??"]
[Round "?"]
[White "Pakhomov, A."]
[Black "Bernardi, R."]
[Result "0-1"]
[WhiteElo "2377"]
[BlackElo "2109"]
[PlyCount "54"]
[EventDate "2013.??.??"]

1. Nc3 c5 2. e4 e6 3. g3 Nc6 4. Bg2 g6 5. d3 Bg7 6. Be3 Nd4 7. Qd2 Ne7 8. O-O-O
h6 9. h4 Qa5 10. h5 b5 11. Kb1 Bb7 12. hxg6 Nxg6 13. Bxh6 Rxh6 14. Rxh6 b4 15.
Rxg6 fxg6 16. Nce2 Nb5 17. Qg5 Nc3+ 18. bxc3 bxc3 19. Ka1 Qa4 20. Qc1 Rb8 21.
Qb1 Be5 22. Qb3 Qa5 23. Rb1 Bc6 24. Qc4 Rb2 25. Nf3 Bb5 26. Qb3 Rxb3 27. Rxb3
c4 0-1

[Event "?"]
[Site "?"]
[Date "????.??.??"]
[Round "?"]
[White "Meshkov, I."]
[Black "Gerasimov, A."]
[Result "1/2-1/2"]
[WhiteElo "2363"]
[BlackElo "2175"]
[PlyCount "91"]
[EventDate "2013.??.??"]

1. e4 c5 2. Nf3 Nc6 3. Bb5 g6 4. O-O Bg7 5. Re1 Nf6 6. c3 O-O 7. d4 cxd4 8.
cxd4 d5 9. e5 Ne4 10. Nc3 Nxc3 11. bxc3 Bg4 12. h3 Bxf3 13. Qxf3 e6 14. a4 Qc7
15. Ba3 Rfc8 16. Bd6 Qd8 17. Reb1 Na5 18. Bb4 Bf8 19. Bd7 Qxd7 20. Bxa5 Rc4 21.
Bb4 Rac8 22. Bxf8 Rxc3 23. Qf6 Rxf8 24. h4 h5 25. Rb5 Rfc8 26. Kh2 R8c7 27.
Rab1 R3c4 28. g4 hxg4 29. h5 Qe7 30. Qxe7 Rxe7 31. hxg6 Rxa4 32. Rxb7 Rxb7 33.
Rxb7 fxg6 34. Re7 Rxd4 35. Rxe6 Re4 36. Rxg6+ Kf7 37. Rf6+ Ke7 38. Ra6 Rxe5 39.
Kg3 Re4 40. f3 gxf3 41. Kxf3 Kd7 42. Rxa7+ Kd6 43. Ra3 Kc5 44. Ra5+ Kc4 45.
Ra4+ Kd3 46. Ra3+ 1/2-1/2

[Event "?"]
[Site "?"]
[Date "????.??.??"]
[Round "?"]
[White "Dukaczewski, P."]
[Black "Babarykin, S."]
[Result "1/2-1/2"]
[WhiteElo "2280"]
[BlackElo "2319"]
[PlyCount "64"]
[EventDate "2013.??.??"]

1. f4 d5 2. Nf3 g6 3. g3 Bg7 4. Bg2 c5 5. O-O Nc6 6. d3 Nf6 7. c3 d4 8. e4 e5
9. Na3 O-O 10. Nc4 exf4 11. gxf4 b5 12. Nce5 Nxe5 13. Nxe5 Bb7 14. a4 dxc3 15.
bxc3 Nd7 16. d4 b4 17. cxb4 Nxe5 18. dxe5 Qxd1 19. Rxd1 cxb4 20. Rd7 Bc6 21.
Rd6 Rfc8 22. Bh3 Rc7 23. Rd4 Bxa4 24. Bd2 Be8 25. Bxb4 g5 26. Bd6 Rc3 27. Bf1
a5 28. fxg5 a4 29. Rd3 Rxd3 30. Bxd3 Ra5 31. Kf2 Bxe5 32. Bxe5 Rxe5 1/2-1/2

[Event "?"]
[Site "?"]
[Date "????.??.??"]
[Round "?"]
[White "Suder, R."]
[Black "Krylov, S."]
[Result "1-0"]
[WhiteElo "2131"]
[BlackElo "2297"]
[PlyCount "89"]
[EventDate "2013.??.??"]

1. d4 d5 2. Nf3 g6 3. Nc3 Nf6 4. Bf4 Bg7 5. e3 O-O 6. Be2 c5 7. O-O b6 8. Ne5
Bb7 9. Re1 Nbd7 10. Bf3 Rc8 11. Nxd7 Qxd7 12. Be5 e6 13. a4 a6 14. a5 b5 15.
dxc5 b4 16. Na4 Qb5 17. Qd4 Ne8 18. Bxg7 Nxg7 19. Be2 Qxa5 20. Nb6 Qxc5 21.
Nxc8 Rxc8 22. Qxc5 Rxc5 23. Bxa6 Bc6 24. Bd3 Nf5 25. Rec1 Nd6 26. c3 b3 27. Ra3
Bb5 28. Ra5 Kg7 29. f3 Kf6 30. Kf2 Nc4 31. Bxc4 dxc4 32. Rd1 Ke7 33. e4 f5 34.
Ke3 fxe4 35. fxe4 Rg5 36. g3 h5 37. Kf4 Kf6 38. Rd6 Rg4+ 39. Kf3 Be8 40. h3 Rg5
41. Rxg5 Kxg5 42. Rxe6 Bf7 43. h4+ Kh6 44. Re7 Kg7 45. Kf4 1-0

[Event "?"]
[Site "?"]
[Date "????.??.??"]
[Round "?"]
[White "Strzelecki, J."]
[Black "Gunajew, R."]
[Result "0-1"]
[WhiteElo "2094"]
[BlackElo "2296"]
[PlyCount "64"]
[EventDate "2013.??.??"]

1. c4 g6 2. d4 Bg7 3. Nf3 c5 4. g3 cxd4 5. Nxd4 Nc6 6. Nxc6 bxc6 7. Bg2 Rb8 8.
Nc3 Qa5 9. O-O Ba6 10. c5 Qxc5 11. Qa4 Qb6 12. Be3 Qb7 13. Ne4 Qb5 14. Qc2 Qxe2
15. Qc5 Qb5 16. Qxa7 Qb7 17. Rfe1 Qxa7 18. Bxa7 Rxb2 19. a4 f5 20. Nc5 Bc4 21.
a5 Rb5 22. Ra4 d5 23. a6 Kf7 24. Nd7 Bb3 25. Ra3 Bb2 26. Rxb3 Rxb3 27. Rb1 Nf6
28. Ne5+ Bxe5 29. Rxb3 Ra8 30. Rb7 Ne4 31. f4 Rxa7 32. fxe5 Rxa6 0-1

[Event "?"]
[Site "?"]
[Date "????.??.??"]
[Round "?"]
[White "Strekalovski, V."]
[Black "Huss, R."]
[Result "1-0"]
[WhiteElo "2096"]
[BlackElo "2150"]
[PlyCount "115"]
[EventDate "2013.??.??"]

1. e4 Nf6 2. e5 Nd5 3. Nc3 Nxc3 4. dxc3 d5 5. Qf3 c6 6. Bf4 g6 7. Qg3 Bg7 8.
Nf3 Nd7 9. e6 Nf6 10. exf7+ Kxf7 11. Bc7 Qf8 12. Bd3 Nh5 13. Ne5+ Kg8 14. Qf3
Qxf3 15. Nxf3 Bf6 16. Be5 Kg7 17. h3 Bxe5 18. Nxe5 Kf6 19. Ng4+ Bxg4 20. hxg4
Nf4 21. g3 Nxd3+ 22. cxd3 Kg5 23. Rh4 e5 24. Kf1 Rae8 25. f3 h5 26. gxh5 Rxh5
27. Rxh5+ gxh5 28. Re1 Kf5 29. Kf2 h4 30. gxh4 Rh8 31. Rh1 Kf4 32. h5 Kg5 33.
Ke3 Rh6 34. a4 a5 35. b4 b6 36. bxa5 bxa5 37. d4 Kf5 38. Rh4 Kg5 39. Rg4+ Kf5
40. Rh4 Kg5 41. Rh1 Kf5 42. Rh2 Kf6 43. Kd3 Kf5 44. c4 Kf4 45. dxe5 Kxe5 46.
Rh4 Kd6 47. Kd4 c5+ 48. Kd3 Ke5 49. f4+ Ke6 50. cxd5+ Kxd5 51. f5 Kd6 52. Kc4
Kc6 53. Rh1 Kb6 54. Kd5 Rf6 55. Ke5 Rf8 56. h6 c4 57. h7 Rh8 58. Kf6 1-0

[Event "?"]
[Site "?"]
[Date "????.??.??"]
[Round "?"]
[White "Balberov, A."]
[Black "Stachanczyk, J."]
[Result "1/2-1/2"]
[WhiteElo "2366"]
[BlackElo "2229"]
[PlyCount "99"]
[EventDate "2013.??.??"]

1. d4 d5 2. c4 c6 3. e3 Bf5 4. Qb3 Qc7 5. cxd5 cxd5 6. Nc3 e6 7. Nf3 Nc6 8. Bd2
Nf6 9. Rc1 Nd7 10. Nh4 Bg4 11. Bd3 Be7 12. Nf3 O-O 13. Ng1 Rac8 14. Nce2 Bxe2
15. Nxe2 Bd6 16. h3 Qb6 17. Qxb6 Nxb6 18. O-O Rc7 19. Rc2 Rfc8 20. Rfc1 a6 21.
Kf1 Kf8 22. f4 f5 23. g4 g6 24. Kg2 Na7 25. Bb4 Rd7 26. Ba5 Rxc2 27. Rxc2 Na8
28. Bd2 Ke7 29. Ng1 Rc7 30. Rxc7+ Bxc7 31. Nf3 Nc6 32. Kf1 Ba5 33. Bxa5 Nxa5
34. Ne5 Nb6 35. b3 Nd7 36. Nxd7 Kxd7 37. g5 Kc6 38. h4 Kb6 39. Be2 Nc6 40. h5
Ne7 41. Ke1 Ka5 42. a3 Kb6 43. Kd2 Ka5 44. Kc3 b5 45. Bd1 Nc6 46. h6 Ne7 47.
Bf3 Kb6 48. Be2 Ka5 49. Bd3 Kb6 50. Be2 1/2-1/2

[Event "?"]
[Site "?"]
[Date "????.??.??"]
[Round "?"]
[White "Vasquez, G."]
[Black "Mackowiak, M."]
[Result "0-1"]
[WhiteElo "2013"]
[BlackElo "2174"]
[PlyCount "72"]
[EventDate "2013.??.??"]

1. Nf3 Nf6 2. g3 g6 3. Bg2 Bg7 4. O-O d5 5. d4 Bf5 6. c4 c6 7. Nc3 dxc4 8. Ne5
Be6 9. a4 Nbd7 10. f4 Nxe5 11. fxe5 Nd5 12. Ne4 O-O 13. a5 Qc8 14. Ng5 Bd7 15.
Bd2 h6 16. Ne4 Bh3 17. e3 Bxg2 18. Kxg2 b5 19. Qe2 f5 20. Nc5 Nc7 21. a6 Ne6
22. Nb7 c5 23. Qf3 Qd7 24. Rad1 cxd4 25. exd4 Qxd4 26. Bc3 Qb6 27. Qd5 Kh7 28.
Bb4 Rfe8 29. Qd7 Nf8 30. Qd5 Qxa6 31. Bc3 Rab8 32. Nc5 Qb6 33. e6 Rbc8 34. Bxg7
Rxc5 35. Qd4 Nxe6 36. Qd7 Nxg7 0-1

[Event "?"]
[Site "?"]
[Date "????.??.??"]
[Round "?"]
[White "Sponheim, M."]
[Black "Gründer, M."]
[Result "1-0"]
[WhiteElo "2093"]
[BlackElo "2009"]
[PlyCount "57"]
[EventDate "2013.??.??"]

1. e4 g6 2. d4 Bg7 3. Nc3 c6 4. Nf3 d6 5. Be3 Nf6 6. h3 b5 7. Bd3 a6 8. O-O O-O
9. Qd2 Nbd7 10. e5 Ne8 11. Bh6 dxe5 12. Bxg7 Kxg7 13. dxe5 Nc5 14. Rad1 Nxd3
15. cxd3 Be6 16. d4 Nc7 17. Rc1 Nd5 18. Ne4 Nb6 19. b3 Bd5 20. Nc5 Nd7 21. Nd3
a5 22. Nf4 Bxf3 23. gxf3 Nxe5 24. Qe3 Nd7 25. Rxc6 Nf6 26. Re1 Ra7 27. Qe5 b4
28. Kg2 Rd7 29. Re6 1-0

[Event "?"]
[Site "?"]
[Date "????.??.??"]
[Round "?"]
[White "Migala, A."]
[Black "Tsapalin, S."]
[Result "1-0"]
[WhiteElo "2057"]
[BlackElo "1975"]
[PlyCount "61"]
[EventDate "2013.??.??"]

1. e4 c5 2. Nf3 d6 3. d4 cxd4 4. Nxd4 Nf6 5. Nc3 g6 6. g3 Bg7 7. Bg2 O-O 8. O-O
Nc6 9. Nde2 Rb8 10. a4 b6 11. h3 Ba6 12. Re1 Nd7 13. Rb1 Bc8 14. Nb5 Bb7 15. c4
a6 16. Nbc3 Nce5 17. b3 Nc5 18. Be3 Ned3 19. Rf1 a5 20. Qd2 Bc6 21. Nd4 Bd7 22.
Kh2 e5 23. Ndb5 Be6 24. Rfd1 Qd7 25. Bf1 Nb4 26. Qxd6 Qb7 27. Bg2 Rfd8 28.
Qxd8+ Rxd8 29. Rxd8+ Bf8 30. Bh6 Nd7 31. Rd1 1-0

[Event "?"]
[Site "?"]
[Date "????.??.??"]
[Round "?"]
[White "Badano, G."]
[Black "Alchinidi, Y."]
[Result "1-0"]
[WhiteElo "1920"]
[BlackElo "1997"]
[PlyCount "75"]
[EventDate "2013.??.??"]

1. e4 e5 2. Nf3 Nc6 3. Bc4 Bc5 4. d3 Nf6 5. Nc3 O-O 6. O-O d6 7. h3 h6 8. Na4
Bb6 9. Nxb6 axb6 10. Be3 Na5 11. Nd2 Nxc4 12. dxc4 Be6 13. Qe2 Qe8 14. b3 Nh7
15. g4 f6 16. Kh2 Qg6 17. Rg1 Ng5 18. f3 h5 19. h4 Nh7 20. a4 Qe8 21. Qg2 hxg4
22. fxg4 g5 23. h5 Rf7 24. Raf1 Kf8 25. Rf2 Ke7 26. Kg3 Nf8 27. Rgf1 Nd7 28.
Nb1 Nc5 29. Nc3 Bd7 30. Nd5+ Kd8 31. Nxf6 Qe6 32. Nxd7 Rxf2 33. Rxf2 Kxd7 34.
Bxc5 bxc5 35. Qf3 Kc6 36. Qf7 Qh6 37. Rf6 Qh8 38. h6 1-0

[Event "?"]
[Site "?"]
[Date "????.??.??"]
[Round "?"]
[White "Zimmermann, F."]
[Black "Scerbin, D."]
[Result "0-1"]
[WhiteElo "1844"]
[BlackElo "2369"]
[PlyCount "54"]
[EventDate "2013.??.??"]

1. Nf3 b5 2. d4 Bb7 3. e3 a6 4. Bd3 Nf6 5. Nbd2 e6 6. b3 c5 7. O-O Qc7 8. c4
bxc4 9. bxc4 Nc6 10. a3 Be7 11. Bb2 O-O 12. Rb1 Rab8 13. Qc2 h6 14. Bc3 Rfc8
15. Qa4 d6 16. Rb2 cxd4 17. exd4 Nd7 18. Bb1 Nf8 19. Re1 Qd7 20. Qc2 Bd8 21.
Re3 Na5 22. Bxa5 Bxa5 23. Nb3 Bd8 24. Qd3 Bf6 25. Nfd2 Qa4 26. Nc1 Bxd4 27.
Qxd4 Qd1+ 0-1

[Event "?"]
[Site "?"]
[Date "????.??.??"]
[Round "?"]
[White "Andreev, G."]
[Black "Gerasimova, O."]
[Result "0-1"]
[WhiteElo "1808"]
[BlackElo "2089"]
[PlyCount "116"]
[EventDate "2013.??.??"]

1. e4 c5 2. c3 d5 3. exd5 Qxd5 4. d4 Nf6 5. dxc5 Qxc5 6. Be3 Qc7 7. Be2 e5 8.
Nd2 Be7 9. Bg5 O-O 10. Qc2 Be6 11. Ngf3 Nc6 12. Bd3 h6 13. Bh4 Rac8 14. Qb1
Rcd8 15. O-O Qd7 16. Bc2 Nd5 17. Bxe7 Ndxe7 18. Ne4 b6 19. Rd1 Qc7 20. h3 Bc4
21. Bd3 Be6 22. Ned2 Na5 23. Re1 f6 24. Bc2 Bd5 25. Be4 Bf7 26. Qc2 Nb7 27. Nh4
Nc5 28. Bh7+ Kh8 29. Ne4 Nd3 30. Re3 Nb4 31. Qb1 Nbd5 32. Rg3 Nf4 33. Kh2 Bc4
34. Bf5 Nxf5 35. Nxf5 Bd3 36. Qe1 Rf7 37. Rf3 Qc6 38. Re3 Rfd7 39. g3 Ng6 40.
Rd1 Qe6 41. g4 Qxa2 42. Rexd3 Rxd3 43. Rxd3 Rxd3 44. Qc1 Nf4 45. Ne3 Qa4 46.
Nd2 Qc6 47. Ndf1 Qf3 48. Qc2 Qxh3+ 49. Kg1 Qf3 50. Kh2 e4 51. Ng3 Rxe3 52. fxe3
Qxe3 53. Qxe4 Qf2+ 54. Kh1 Qxg3 55. Qe8+ Kh7 56. Qe4+ Ng6 57. Qb4 Qf3+ 58. Kg1
Nf4 0-1

[Event "?"]
[Site "?"]
[Date "????.??.??"]
[Round "?"]
[White "Kevorkov, A."]
[Black "Falkowski, D."]
[Result "1/2-1/2"]
[WhiteElo "2212"]
[BlackElo "2013"]
[PlyCount "64"]
[EventDate "2013.??.??"]

1. e4 e5 2. Bc4 Nf6 3. d3 Bc5 4. Nf3 Nc6 5. O-O d6 6. c3 O-O 7. b4 Bb6 8. a4 a5
9. b5 Ne7 10. Bg5 Ng6 11. h3 h6 12. Be3 c6 13. bxc6 bxc6 14. Bxb6 Qxb6 15. Qb3
Rb8 16. Qxb6 Rxb6 17. Nbd2 Bd7 18. Ba2 d5 19. Rfe1 Rb2 20. Reb1 Rfb8 21. Bb3
Rxb1+ 22. Rxb1 Be6 23. Bc2 Rxb1+ 24. Bxb1 dxe4 25. dxe4 Nd7 26. Bc2 Nc5 27. h4
f6 28. g3 Kf7 29. Ne1 Nf8 30. Nd3 Nfd7 31. Nxc5 Nxc5 32. f3 Ke7 1/2-1/2

[Event "?"]
[Site "?"]
[Date "????.??.??"]
[Round "?"]
[White "Grudina, M."]
[Black "Kireeva, L."]
[Result "0-1"]
[WhiteElo "1718"]
[BlackElo "2061"]
[PlyCount "116"]
[EventDate "2013.??.??"]

1. e4 Nf6 2. Nc3 d5 3. e5 Ne4 4. Nce2 Nc6 5. d4 f6 6. f3 Ng5 7. Bxg5 fxg5 8.
Qd2 e6 9. h4 Be7 10. hxg5 Bxg5 11. f4 Be7 12. a3 O-O 13. Qd3 g6 14. Qh3 Rf7 15.
O-O-O Qf8 16. Nf3 Qg7 17. Rd3 Bd7 18. Nh2 Raf8 19. Ng4 h5 20. Nf2 Rf5 21. g4
Rxf4 22. Nxf4 Rxf4 23. Qg2 Nxd4 24. gxh5 g5 25. Ng4 Bb5 26. Rdh3 Bxf1 27. Rxf1
Rxf1+ 28. Qxf1 Qh7 29. Qf2 Qe4 30. Nh6+ Kg7 31. Nf7 Qf4+ 32. Qxf4 Ne2+ 33. Kd1
Nxf4 34. Nxg5 Bxg5 35. Rh1 Kh6 36. b3 Nxh5 37. Ke2 Kg6 38. Kd3 c5 39. Rf1 Nf4+
40. Kc3 Kf5 41. Re1 Bh4 42. Rh1 Bf2 43. Rh7 Be1+ 44. Kb2 Kxe5 45. Rxb7 a5 46.
Rb5 Kd4 47. Rb6 e5 48. Rf6 Ne2 49. Rf1 Bc3+ 50. Kb1 e4 51. Rf2 Ke3 52. Rf5 Nf4
53. Kc1 Kf3 54. Kd1 e3 55. Rxf4+ Kxf4 56. Ke2 Ke4 57. a4 c4 58. bxc4 dxc4 0-1

[Event "?"]
[Site "?"]
[Date "????.??.??"]
[Round "?"]
[White "Inaganti, A."]
[Black "Mansursky, S."]
[Result "1-0"]
[WhiteElo "2023"]
[BlackElo "1751"]
[PlyCount "101"]
[EventDate "2013.??.??"]

1. e4 c5 2. Nf3 Nc6 3. Bb5 a6 4. Bxc6 dxc6 5. d3 Qc7 6. Be3 e5 7. Qd2 Be7 8.
Qc3 b6 9. Qxe5 Qxe5 10. Nxe5 Bb7 11. Nc3 b5 12. O-O h6 13. Ne2 Bd6 14. Nf3 Be7
15. Nc1 Nf6 16. Nb3 Nd7 17. Na5 Rb8 18. Bf4 Bd8 19. Bxb8 Bxa5 20. Bd6 f6 21. a4
b4 22. Nd2 Kf7 23. Nc4 Bd8 24. f4 Re8 25. e5 f5 26. d4 cxd4 27. Bxb4 c5 28.
Nd6+ Ke7 29. Nxe8 Kxe8 30. Ba3 Bb6 31. Rfe1 Be4 32. Rxe4 fxe4 33. Re1 e3 34. b3
g6 35. Kf1 Nf8 36. Ke2 Ne6 37. Rf1 g5 38. g3 g4 39. Kd3 Kf7 40. b4 cxb4 41.
Bxb4 Ke8 42. h3 h5 43. hxg4 hxg4 44. Rh1 Kd7 45. a5 Bc7 46. f5 Ng5 47. e6+ Kc6
48. e7 Kd7 49. Rh8 Kc6 50. e8=Q+ Kb7 51. Qa8# 1-0

[Event "?"]
[Site "?"]
[Date "????.??.??"]
[Round "?"]
[White "Zimmer, R."]
[Black "Krause, S."]
[Result "1/2-1/2"]
[WhiteElo "1424"]
[BlackElo "1961"]
[PlyCount "73"]
[EventDate "2013.??.??"]

1. e4 c5 2. Nf3 Nc6 3. d4 cxd4 4. Nxd4 g6 5. c4 Nf6 6. Nc3 d6 7. Be2 Nxd4 8.
Qxd4 Bg7 9. Qd1 O-O 10. Be3 Qa5 11. O-O Be6 12. Rb1 Nd7 13. Bd4 Bxd4 14. Qxd4
Rfc8 15. f4 Qb6 16. Qxb6 axb6 17. b3 f5 18. Bf3 Nc5 19. exf5 Bxf5 20. Rbd1 Rd8
21. Rfe1 Kf7 22. Nd5 e6 23. Nxb6 Rxa2 24. b4 Nd3 25. Re3 Nxb4 26. Bxb7 Rb2 27.
Nc8 Nc2 28. Rxd6 Rxd6 29. Nxd6+ Kf6 30. Re2 Rb1+ 31. Kf2 Nd4 32. Re1 Rb2+ 33.
Kg3 Ne2+ 34. Kf3 Nd4+ 35. Kg3 Ne2+ 36. Kf3 Nd4+ 37. Kg3 1/2-1/2

[Event "?"]
[Site "?"]
[Date "????.??.??"]
[Round "?"]
[White "Kohnen, K."]
[Black "Petrov, A."]
[Result "0-1"]
[WhiteElo "1399"]
[BlackElo "2039"]
[PlyCount "120"]
[EventDate "2013.??.??"]

1. e4 c5 2. Nf3 d6 3. d4 cxd4 4. Nxd4 Nf6 5. Nc3 a6 6. Be2 e6 7. O-O Be7 8. Be3
Qc7 9. Nb3 O-O 10. Kh1 b5 11. a3 Bb7 12. f3 Nbd7 13. Bd3 Rac8 14. Rc1 Ne5 15.
Ne2 Rfd8 16. Nf4 Nc4 17. Bxc4 bxc4 18. Nd2 c3 19. bxc3 Qxc3 20. Bb6 Rd7 21. Nb1
Qc6 22. Be3 Rdc7 23. c3 Nd7 24. Qb3 Nc5 25. Qa2 Bg5 26. Bd2 Bxf4 27. Bxf4 Nd3
28. Be3 Nxc1 29. Rxc1 e5 30. Rd1 Rd7 31. Qb3 d5 32. exd5 Rxd5 33. h3 Rxd1+ 34.
Qxd1 Qd5 35. Qc2 Rd8 36. Nd2 Qd3 37. Qxd3 Rxd3 38. Nf1 Rxc3 39. Kh2 Rxa3 40.
Bc5 Rd3 41. Bb6 f6 42. Ng3 Rb3 43. Bc7 Rb5 44. Nf5 Bd5 45. Ne3 a5 46. Bd6 Bb3
47. Kg3 a4 48. Kf2 Kf7 49. Ke2 Ke6 50. Ba3 g6 51. Kd3 f5 52. h4 f4 53. Ng4 h5
54. Nf2 Bd5 55. Bc1 Rb3+ 56. Kc2 Kf5 57. Nd3 Rb5 58. Ba3 e4 59. Ne1 exf3 60.
gxf3 Rb3 0-1

[Event "?"]
[Site "?"]
[Date "????.??.??"]
[Round "?"]
[White "Rudolf, T."]
[Black "Michalowski, R."]
[Result "1-0"]
[WhiteElo "1931"]
[BlackElo "1795"]
[PlyCount "65"]
[EventDate "2013.??.??"]

1. Nf3 b6 2. d4 Bb7 3. Bf4 Nf6 4. e3 e6 5. Nbd2 Bd6 6. Ne5 O-O 7. Bd3 Be7 8.
Qe2 d6 9. Nef3 Re8 10. h4 Bf8 11. Bg5 Nbd7 12. O-O-O h6 13. g4 Be7 14. Bxh6
gxh6 15. g5 Nh7 16. Rdg1 Kh8 17. gxh6 Rg8 18. Rxg8+ Qxg8 19. Rg1 Qf8 20. Rg7 f5
21. Ng5 Nxg5 22. hxg5 Bxg5 23. Rxg5 Nf6 24. Rg7 Ne8 25. Rg6 Nf6 26. e4 Re8 27.
exf5 exf5 28. Rxf6 Qg8 29. Qd1 Bc8 30. c3 Qg5 31. Rf7 Re7 32. Rf8+ Kh7 33. Rxc8
1-0

[Event "?"]
[Site "?"]
[Date "????.??.??"]
[Round "?"]
[White "Tillmann, M."]
[Black "Napierala, M."]
[Result "0-1"]
[WhiteElo "1973"]
[BlackElo "1737"]
[PlyCount "116"]
[EventDate "2013.??.??"]

1. d4 d5 2. c4 c6 3. Nc3 Nf6 4. Nf3 g6 5. Bg5 Bg7 6. e3 h6 7. Bh4 O-O 8. Bd3
Na6 9. cxd5 Nxd5 10. Rc1 Nac7 11. O-O Nxc3 12. bxc3 Nd5 13. c4 Nb6 14. Qc2 Bg4
15. Ne5 Bxe5 16. dxe5 Qe8 17. h3 Be6 18. f4 Rd8 19. g4 f5 20. exf6 exf6 21.
Bxg6 Qe7 22. Qe4 Rd7 23. Rf3 Nxc4 24. Rxc4 Bd5 25. Qc2 Bxf3 26. e4 Qd6 27. Bf5
Rg7 28. Kf2 Bd1 29. Qc1 Qd3 30. Rc3 Qe2+ 31. Kg1 h5 32. Re3 Qc2 33. Qxc2 Bxc2
34. Kf2 hxg4 35. hxg4 Bd1 36. g5 fxg5 37. Bxg5 Bg4 38. Bh6 Bxf5 39. Bxg7 Kxg7
40. exf5 Rxf5 41. Kf3 Kf6 42. Rb3 Rb5 43. Rd3 Rb2 44. a3 a5 45. Ke4 Re2+ 46.
Kf3 Rc2 47. Rb3 b5 48. Ke3 Rc4 49. Rd3 Kf5 50. Rd6 b4 51. axb4 axb4 52. Rh6
Rc3+ 53. Kd2 c5 54. Rh4 c4 55. Rh8 Kxf4 56. Rb8 Rd3+ 57. Kc2 b3+ 58. Kc1 Ke3
0-1

[Event "?"]
[Site "?"]
[Date "????.??.??"]
[Round "?"]
[White "Vinciguerra, R."]
[Black "Hoyer, O."]
[Result "0-1"]
[WhiteElo "1624"]
[BlackElo "1889"]
[PlyCount "88"]
[EventDate "2013.??.??"]

1. d4 Nf6 2. Nf3 e6 3. e3 b6 4. Bd3 Bb7 5. Nbd2 d5 6. c3 Nbd7 7. O-O Bd6 8. Re1
O-O 9. b4 Ne4 10. Bb2 f5 11. c4 Bxb4 12. Re2 Ndf6 13. Bc1 Nc3 14. Qf1 Nxe2+ 15.
Qxe2 Ne4 16. a3 Bd6 17. Nf1 c5 18. Bb2 Rc8 19. dxc5 bxc5 20. Ne5 Qc7 21. Nf3 e5
22. Nh4 Qe7 23. Nf3 Nxf2 24. Qxf2 e4 25. Bc2 exf3 26. Qxf3 d4 27. Qh3 Be4 28.
Bxe4 Qxe4 29. exd4 cxd4 30. Qb3 Bc5 31. Kh1 Rb8 32. Qa2 Qc2 33. Rb1 Rb3 34. Nd2
Rd3 35. Nf3 Rxa3 36. Nxd4 Bxd4 37. Qxa3 Qxb1+ 38. Bc1 Re8 39. g3 Re1+ 40. Kg2
Qxc1 41. Qa5 Rg1+ 42. Kh3 Qf1+ 43. Kh4 Bf6+ 44. Kh5 Qh3# 0-1

[Event "?"]
[Site "?"]
[Date "????.??.??"]
[Round "?"]
[White "Russo Spena, V."]
[Black "Malina, O."]
[Result "0-1"]
[WhiteElo "1486"]
[BlackElo "1790"]
[PlyCount "132"]
[EventDate "2013.??.??"]

1. d4 d5 2. c4 e6 3. Nf3 Nf6 4. Nc3 Be7 5. e3 O-O 6. Be2 Ne4 7. Qc2 Nxc3 8.
Qxc3 a5 9. O-O b6 10. a3 Bd6 11. b3 c5 12. Bb2 f6 13. Rfd1 Bb7 14. Bd3 dxc4 15.
Bxc4 Bxf3 16. Bxe6+ Kh8 17. gxf3 Qe7 18. d5 Nd7 19. f4 f5 20. Qxg7+ Qxg7+ 21.
Bxg7+ Kxg7 22. Bxd7 Ra7 23. Be6 Kf6 24. f3 Rd8 25. Kf2 Rg7 26. Rg1 Rg6 27. h4
Re8 28. h5 Rh6 29. Rh1 Re7 30. Kg3 Rg7+ 31. Kf2 b5 32. a4 b4 33. Ke2 Rg2+ 34.
Kd3 Rb2 35. Kc4 Re2 36. Kd3 Rb2 37. Rab1 Rxb1 38. Rxb1 Rxh5 39. Kc4 Rh2 40. Kb5
Re2 41. Rh1 Rxe3 42. Rh6+ Kg7 43. Rh3 Rxb3 44. Bxf5 h6 45. Rg3+ Kf8 46. Rg6
Bxf4 47. d6 Rxf3 48. d7 Bc7 49. Rf6+ Ke7 50. Re6+ Kf7 51. Kc6 Bd8 52. Re5 Kf6
53. Rxc5 Rxf5 54. Rc2 b3 55. Rb2 Rf3 56. Kd6 h5 57. Re2 h4 58. Rh2 Rd3+ 59. Kc6
Ke5 60. Rg2 Rc3+ 61. Kb7 Rc7+ 62. Kb8 Rxd7 63. Kc8 Rd3 64. Re2+ Kf4 65. Rh2 Kg3
66. Re2 h3 0-1